Le texte et la scene

Guardado en:
Bibliografiske detaljer
Hovedforfatter: Fortier, André
Format: Bog
Sprog:Undetermined
Udgivet: Ottawa, Canadá Editions de l´Université d´Ottawa 1979
Fag:
Tags: Tilføj Tag
Ingen Tags, Vær først til at tagge denne postø!

MARC

LEADER 00000nam a2200000Ia 4500
008 170316s9999 xx 000 0 und d
040 |a cru BVZT 
090 |a 818 F-4t 
100 |a Fortier, André 
245 |a Le texte et la scene 
260 |a Ottawa, Canadá 
260 |b Editions de l´Université d´Ottawa 
260 |c 1979 
300 |a 254 páginas 
650 |a LITERATURA CANADIENSE 
999 |c 6424  |d 6424 
942 |c 15 D  |h 818 F-4t  |2 z